000 00330nam a22001217a 4500
008 230623b xxu||||| |||| 00| 0 eng d
082 _a328.952
_bHOR
100 _cHouse of Representatives
245 _aThe National Diet of Japan
_bHouse of Representatives
260 _bHouse of Representatives
300 _a20p
942 _2ddc
_cBK
999 _c2435
_d2435